书目信息 |
| 题名: |
云梦睡虎地秦简的发现
|
|
| 作者: | 侯旭 编著 | |
| 分册: | ||
| 出版信息: | 长春 吉林文史出版社 2018重印 |
|
| 页数: | 134页 | |
| 开本: | 22cm | |
| 丛书名: | 中国文化知识读本 | |
| 单 册: | ||
| 中图分类: | K877.54 | |
| 科图分类: | ||
| 主题词: | 云梦竹简--yun meng zhu jian--研究 | |
| 电子资源: | ||
| ISBN: | 978-7-5463-4972-5 | |
| 000 | 00906nam 2200265 45 | |
| 001 | 012001010260 | |
| 005 | 20140101131017.0 | |
| 010 | @a978-7-5463-4972-5@dCNY34.80 | |
| 099 | @aCAL 012011448928 | |
| 100 | @a20111206d2011 em y0chiy0121 ea | |
| 101 | 0 | @achi |
| 102 | @aCN@b220000 | |
| 105 | @aa z 000yy | |
| 106 | @ar | |
| 200 | 1 | @a云梦睡虎地秦简的发现@Ayun meng shui hu di qin jian de fa xian@f侯旭编著 |
| 210 | @a长春@c吉林文史出版社@d2018重印 | |
| 215 | @a134页@c图@d22cm | |
| 225 | 2 | @a中国文化知识读本@Azhong guo wen hua zhi shi du ben@i中国古代政治史话 |
| 330 | @a本书生动介绍了秦国的法律、秦国的婚姻伦理观念和婚姻制度、睡虎地秦简的意义等内容。 | |
| 410 | 0 | @12001@a中国文化知识读本@i中国古代政治史话 |
| 606 | 0 | @a云梦竹简@Ayun meng zhu jian@x研究 |
| 690 | @aK877.54@v4 | |
| 701 | 0 | @a侯旭@Ahou xu@4编著 |
| 801 | 2 | @aCN@b上海新华@c20191020 |
| 905 | @b1136217-20@dK877.54@e428@f4 | |
| 云梦睡虎地秦简的发现/侯旭编著.-长春:吉林文史出版社,2018重印 |
| 134页:图;22cm.-(中国文化知识读本.中国古代政治史话) |
| ISBN 978-7-5463-4972-5:CNY34.80 |
| 本书生动介绍了秦国的法律、秦国的婚姻伦理观念和婚姻制度、睡虎地秦简的意义等内容。 |
| ● |
| 相关链接 |
|
|
|
|
正题名:云梦睡虎地秦简的发现
索取号:K877.54/428
 
预约/预借
| 序号 | 登录号 | 条形码 | 馆藏地/架位号 | 状态 | 备注 |
| 1 | 1136217 | 211362176 | 第二样本阅览室/ [索取号:K877.54/428] | 在馆 | |
| 2 | 1136218 | 211362185 | 第二借阅区/ [索取号:K877.54/428] | 在馆 | |
| 3 | 1136219 | 211362194 | 第二借阅区/ [索取号:K877.54/428] | 在馆 | |
| 4 | 1136220 | 211362201 | 第二借阅区/ [索取号:K877.54/428] | 在馆 |